Cities in Bayern - Statistics

General Stats
  • This quiz has been taken 24 times
  • The average score is 17 of 31
Answers on the Grid
Answers color-coded by a green-red scale on the quiz's grid according to % correct below.
Ulm
Erlangen
Berchtesgaden
Limburg an der Lahn
Würzburg
Nürnberg
Hof
Plettenberg
Eichstätt
Rosenheim
Calw
Gießen
Bad Tölz
Bernburg
München
Mainz
Vohenstrauß
Sankt Ingbert
Coburg
Lichtenfels
Trier
Ansbach
Lutherstadt Wittenberg
Augsburg
Ingolstadt
Grimma
Landshut
Hauzenberg
Zeitz
Verden an der Aller
Passau
Aschaffenburg
Bayreuth
Osnabrück
Bamberg
Fürth
Bad Saulgau
Neumarkt in der Oberpfalz
Eutin
Burglengenfeld
Marktredwitz
Stade
Kempten
Cuxhaven
Deggendorf
Mittenwald
Lindau
Straubing
Wolfsburg
Memmingen
 
Answer Stats
Answer % Correct
München
95%
Augsburg
89%
Würzburg
89%
Ingolstadt
79%
Bayreuth
74%
Erlangen
74%
Nürnberg
74%
Bamberg
68%
Fürth
68%
Kempten
68%
Lindau
68%
Rosenheim
68%
Landshut
63%
Passau
63%
Bad Tölz
58%
Hof
58%
Memmingen
58%
Aschaffenburg
53%
Berchtesgaden
53%
Ansbach
42%
Coburg
42%
Mittenwald
42%
Neumarkt in der Oberpfalz
42%
Straubing
42%
Deggendorf
37%
Eichstätt
37%
Marktredwitz
26%
Lichtenfels
21%
Burglengenfeld
16%
Hauzenberg
5%
Vohenstrauß
5%
No matching quizzes found
Score Distribution
Percent of People with Each Score
Percentile by Number Answered
Your Score History
You have not taken this quiz